[Event "ICS rated bullet match"]
[Site "204.178.125.65"]
[Date "2000.11.17"]
[Round "?"]
[White "Maect"]
[Black "Hossa"]
[Result "0-1"]
[WhiteElo "2033"]
[BlackElo "2566"]
[PlyCount "56"]
[EventDate "2000.??.??"]

1. e4 c5 2. Nc3 Nc6 3. f4 e6 4. Nf3 Nge7 5. Bc4 d5 6. exd5 exd5 7. Bb5 a6 8.
Bxc6+ Nxc6 9. d3 d4 10. Ne4 Be7 11. O-O O-O 12. Neg5 Re8 13. Bd2 b6 14. Re1 Bg4
15. Ne4 Bh4 16. Rf1 Qd5 17. Be1 Bxe1 18. Qxe1 f5 19. Qg3 fxe4 20. Qxg4 exf3 21.
Rxf3 Nb4 22. Rg3 Ra7 23. f5 Nxc2 24. f6 Nxa1 25. Rf3 Qxa2 26. Qh5 Rf7 27. fxg7
Qb1+ 28. Kf2 Qe1# {Maect checkmated} 0-1

[Event "ICS rated bullet match"]
[Site "204.178.125.65"]
[Date "2000.11.17"]
[Round "?"]
[White "Hossa"]
[Black "Maect"]
[Result "1-0"]
[WhiteElo "2567"]
[BlackElo "2032"]
[PlyCount "67"]
[EventDate "2000.??.??"]

1. e4 d5 2. exd5 Nf6 3. d4 Bg4 4. f3 Bf5 5. Bb5+ c6 6. dxc6 Nxc6 7. Ne2 e6 8.
Ng3 Bg6 9. O-O Bd6 10. Bg5 Bxg3 11. hxg3 Qc7 12. Bf4 Qd7 13. Be5 Nd5 14. Bxg7
Rg8 15. Bh6 O-O-O 16. c3 Qc7 17. g4 f5 18. Qe2 fxg4 19. Qxe6+ Kb8 20. f4 Rde8
21. Qxd5 g3 22. Nd2 Bf7 23. Qc5 Re6 24. Bg5 h6 25. Bh4 Reg6 26. Ne4 Rg4 27. Bf6
R4g6 28. f5 Rg4 29. Nd6 Be8 30. Be2 R4g7 31. Bxg7 Qxg7 32. f6 Qg6 33. Nxe8 Rxe8
34. f7 {Maect resigns} 1-0

[Event "ICS rated bullet match"]
[Site "204.178.125.65"]
[Date "2000.11.17"]
[Round "?"]
[White "Maect"]
[Black "Hossa"]
[Result "0-1"]
[WhiteElo "1994"]
[BlackElo "2568"]
[PlyCount "76"]
[EventDate "2000.??.??"]

1. e4 c5 2. Nc3 Nc6 3. f4 e6 4. Nf3 Nge7 5. Bb5 a6 6. Bxc6 Nxc6 7. O-O d5 8. d3
Be7 9. Qe1 Nd4 10. Nxd4 cxd4 11. Ne2 dxe4 12. dxe4 Qb6 13. Kh1 O-O 14. f5 e5
15. Ng3 Bd7 16. Nh5 f6 17. Qg3 Rf7 18. Bh6 Bf8 19. Qg4 Qxb2 20. Rad1 Qxa2 21.
Rf3 Qxc2 22. Rc1 Qb2 23. Rg3 g6 24. fxg6 Bxg4 25. gxf7+ Kxf7 26. Rxg4 Bxh6 27.
Rc7+ Ke6 28. h3 d3 29. Ng7+ Kd6 30. Rf7 Qc1+ 31. Kh2 Bf4+ 32. g3 Qc2+ 33. Kh1
d2 34. Rxf6+ Ke7 35. Re6+ Kd7 36. Re7+ Kxe7 37. Nf5+ Kf6 38. Rg7 d1=Q# {
Maect checkmated} 0-1

[Event "ICS rated blitz match"]
[Site "204.178.125.65"]
[Date "2000.11.17"]
[Round "?"]
[White "Hossa"]
[Black "sirezex"]
[Result "1-0"]
[WhiteElo "2504"]
[BlackElo "2147"]
[PlyCount "46"]
[EventDate "2000.??.??"]

1. d4 d5 2. c4 Bf5 3. cxd5 Nf6 4. e3 Nxd5 5. f3 Nb6 6. e4 Bg6 7. Bg5 h6 8. Bh4
Qd7 9. Nh3 e6 10. Nf4 Bh7 11. Nc3 Nc6 12. Bb5 a6 13. Bxc6 Qxc6 14. Rc1 Qd7 15.
O-O Be7 16. Bxe7 Qxe7 17. Na4 O-O 18. Nxb6 cxb6 19. Qd2 Rac8 20. d5 e5 21. Nd3
Qd6 22. Rxc8 Rxc8 23. Rc1 Qd7 {sirezex resigns} 1-0

[Event "ICS rated blitz match"]
[Site "204.178.125.65"]
[Date "2000.11.17"]
[Round "?"]
[White "sirezex"]
[Black "Hossa"]
[Result "0-1"]
[WhiteElo "2143"]
[BlackElo "2508"]
[PlyCount "50"]
[EventDate "2000.??.??"]

1. e4 c5 2. Nf3 e6 3. d4 cxd4 4. Nxd4 a6 5. Nc3 b5 6. Bd3 Qb6 7. Be3 Bc5 8.
Nce2 f5 9. exf5 e5 10. Be4 exd4 11. Bxa8 dxe3 12. O-O exf2+ 13. Kh1 Nf6 14. Nc3
Nc6 15. Nd5 Nxd5 16. Qxd5 Ne7 17. Qe4 O-O 18. g4 Rf7 19. Rad1 a5 20. a3 d6 21.
b4 axb4 22. axb4 Bxb4 23. h3 Bc5 24. c4 bxc4 25. Qxc4 Ba6 {sirezex resigns} 0-1

[Event "ICS rated blitz match"]
[Site "204.178.125.65"]
[Date "2000.11.17"]
[Round "?"]
[White "Hossa"]
[Black "gocasmu"]
[Result "1-0"]
[WhiteElo "2511"]
[BlackElo "1902"]
[PlyCount "49"]
[EventDate "2000.??.??"]

1. c4 d6 2. Nc3 e5 3. Nf3 g6 4. d4 Bg7 5. dxe5 dxe5 6. Qxd8+ Kxd8 7. e4 Nc6 8.
Be3 Be6 9. Ng5 Ke7 10. Bd3 f6 11. Bc5+ Kd7 12. Nxe6 Kxe6 13. Rd1 Nge7 14. Nb5
Rhc8 15. O-O b6 16. Ba3 a6 17. Nc3 Nd4 18. c5 Kf7 19. cxb6 cxb6 20. Bxe7 Kxe7
21. Nd5+ Kf8 22. Nxb6 Rab8 23. Nxc8 Rxc8 24. Bxa6 Ra8 25. Bc4 {gocasmu resigns}
1-0

[Event "ICS rated blitz match"]
[Site "204.178.125.65"]
[Date "2000.11.17"]
[Round "?"]
[White "gocasmu"]
[Black "Hossa"]
[Result "0-1"]
[WhiteElo "1901"]
[BlackElo "2512"]
[PlyCount "40"]
[EventDate "2000.??.??"]

1. e4 c5 2. Nf3 e6 3. d4 cxd4 4. Nxd4 a6 5. Nc3 b5 6. a3 b4 7. axb4 Bxb4 8. Bd2
Ne7 9. Bd3 O-O 10. O-O Bb7 11. f3 Bc5 12. Be3 Nbc6 13. Nce2 Qb6 14. c3 e5 15.
Qd2 exd4 16. cxd4 Nxd4 17. Nxd4 Bxd4 18. Bxd4 Qxd4+ 19. Kh1 Ng6 20. Rfd1 Rfc8 {
gocasmu resigns} 0-1

[Event "ICS rated blitz match"]
[Site "204.178.125.65"]
[Date "2000.11.17"]
[Round "?"]
[White "Hossa"]
[Black "Maup"]
[Result "1-0"]
[WhiteElo "2513"]
[BlackElo "2128"]
[PlyCount "51"]
[EventDate "2000.??.??"]

1. d4 d6 2. e4 e6 3. Nf3 Nd7 4. Bd3 Ne7 5. O-O h6 6. c3 g6 7. Na3 Bg7 8. Be3 a6
9. Qe2 Rb8 10. Rfd1 Ra8 11. Bf4 Rb8 12. Nd2 Ra8 13. Rac1 Rb8 14. Nc2 Ra8 15. e5
d5 16. Bg3 Rb8 17. Bh4 Ra8 18. Nb3 Rb8 19. Qf3 Ra8 20. Rf1 Rb8 21. Rb1 Ra8 22.
Rfe1 Rb8 23. Ne3 Ra8 24. Nxd5 exd5 25. e6 Nb6 26. Qxf7# {Maup checkmated} 1-0

[Event "ICS rated blitz match"]
[Site "204.178.125.65"]
[Date "2000.11.17"]
[Round "?"]
[White "Hossa"]
[Black "R-172"]
[Result "1-0"]
[WhiteElo "2516"]
[BlackElo "2270"]
[PlyCount "77"]
[EventDate "2000.??.??"]

1. d4 Nf6 2. c4 e6 3. Nf3 b6 4. g3 Ba6 5. b3 b5 6. Bg2 bxc4 7. Ne5 c6 8. bxc4
Bb4+ 9. Bd2 Be7 10. c5 O-O 11. Na3 d6 12. Nxc6 Nxc6 13. Bxc6 dxc5 14. Qa4 Qxd4
15. Qxd4 cxd4 16. Bxa8 Rxa8 17. Nc2 e5 18. Bb4 Kf8 19. f3 Rc8 20. Bxe7+ Kxe7
21. Rc1 Nd5 22. Kf2 f6 23. h3 Rc3 24. Rhe1 Kd6 25. h4 Bc4 26. a3 a5 27. Na1 Kc5
28. Rxc3 Nxc3 29. Rc1 Kb5 30. e3 Ka4 31. exd4 exd4 32. Nc2 d3 33. Ne3 d2 34.
Rxc3 Bb3 35. Ke2 Kxa3 36. Kxd2 Kb4 37. Rc7 a4 38. Rxg7 a3 39. Nc2+ {
R-172 resigns} 1-0

[Event "ICS rated blitz match"]
[Site "204.178.125.65"]
[Date "2000.11.17"]
[Round "?"]
[White "Hossa"]
[Black "R-172"]
[Result "1-0"]
[WhiteElo "2528"]
[BlackElo "2258"]
[PlyCount "73"]
[EventDate "2000.??.??"]

1. d4 Nf6 2. Nf3 e6 3. c4 b6 4. Nc3 Ba6 5. e4 d6 6. Bd3 Be7 7. e5 dxe5 8. dxe5
Nfd7 9. Be4 c6 10. b3 O-O 11. O-O Nc5 12. Bc2 Bb7 13. Qe2 a5 14. Bf4 Qc7 15.
Ng5 h6 16. Nge4 Nbd7 17. Nd6 f5 18. Nxb7 Qxb7 19. Qh5 Rf7 20. Rfe1 b5 21. Rab1
b4 22. Ne2 a4 23. Nd4 axb3 24. axb3 Ra2 25. Rbd1 Nf8 26. Bb1 Rb2 27. Qh3 Bg5
28. Bxg5 hxg5 29. Qe3 Nh7 30. Qc1 Rxb3 31. Nxb3 Nxb3 32. Rd8+ Rf8 33. Rxf8+
Kxf8 34. Qe3 Na1 35. g4 g6 36. Bd3 Nb3 37. Be2 {R-172 resigns} 1-0

[Event "ICS rated blitz match"]
[Site "204.178.125.65"]
[Date "2000.11.17"]
[Round "?"]
[White "PostModernist"]
[Black "Hossa"]
[Result "1-0"]
[WhiteElo "2667"]
[BlackElo "2534"]
[PlyCount "149"]
[EventDate "2000.??.??"]

1. d4 Nf6 2. c4 e6 3. Nf3 b6 4. g3 Bb7 5. Bg2 Be7 6. O-O O-O 7. Nc3 Ne4 8. Nxe4
Bxe4 9. Ne1 Bxg2 10. Nxg2 d5 11. Qa4 dxc4 12. Qxc4 c5 13. Be3 cxd4 14. Bxd4 Qc8
15. Rac1 Qxc4 16. Rxc4 Rd8 17. Be3 Nd7 18. Rd1 Ne5 19. Rcc1 Rxd1+ 20. Rxd1 Rd8
21. Rxd8+ Bxd8 22. f4 Nc4 23. b3 Nd6 24. Kf2 Ne4+ 25. Kf3 f5 26. Bd4 Bf6 27.
Bxf6 Nxf6 28. Ne3 b5 29. Nc2 Kf7 30. Nd4 a6 31. Nc6 Ne4 32. Ke3 Nc3 33. a3 Kf6
34. Kd3 Ne4 35. b4 Nf2+ 36. Kd4 Ng4 37. h4 Nh2 38. Nb8 Ke7 39. Nxa6 Kd6 40. e4
Nf3+ 41. Ke3 fxe4 42. Nc5 Ne1 43. Nxe4+ Kd5 44. Ng5 h6 45. Nf3 Nxf3 46. Kxf3
Kd4 47. h5 Kd3 48. g4 Kc3 49. Ke4 Kb3 50. Kd4 Kc2 51. Kc5 Kd3 52. Kxb5 Ke4 53.
Kc6 Kxf4 54. b5 Kxg4 55. b6 Kxh5 56. b7 Kg4 57. b8=Q g5 58. a4 h5 59. a5 h4 60.
a6 Kf3 61. Qb3+ Kf4 62. Qxe6 Kg3 63. Qe3+ Kg4 64. Qxg5+ Kxg5 65. a7 h3 66. a8=Q
Kh4 67. Qb8 Kg4 68. Qh2 Kh4 69. Kd5 Kg4 70. Ke4 Kg5 71. Ke5 Kg6 72. Ke6 Kh6 73.
Qg3 Kh7 74. Kf7 Kh6 75. Qh4# {Hossa checkmated} 1-0

[Event "ICS rated blitz match"]
[Site "204.178.125.65"]
[Date "2000.11.17"]
[Round "?"]
[White "Hossa"]
[Black "DoctorWho"]
[Result "1/2-1/2"]
[WhiteElo "2524"]
[BlackElo "2644"]
[PlyCount "114"]
[EventDate "2000.??.??"]

1. d4 d5 2. Nf3 Bf5 3. Bf4 e6 4. e3 Bd6 5. Bxd6 Qxd6 6. Nc3 Ne7 7. Bd3 Nd7 8.
O-O O-O 9. Qd2 Qb6 10. b3 Bg4 11. Ng5 h6 12. f3 Bf5 13. Bxf5 Nxf5 14. Nh3 c5
15. Na4 Qc6 16. c3 Rac8 17. Rac1 b5 18. Nb2 c4 19. Nf2 Nd6 20. Qe2 f5 21. Nh3
Rfe8 22. Nf4 a6 23. Qd2 Nf6 24. Ng6 Qc7 25. bxc4 Nxc4 26. Nxc4 Qxc4 27. Rfe1
Qc7 28. a3 Qd6 29. Ra1 Rc4 30. Ne5 Ra4 31. Qb2 Rc8 32. Qb3 Qc7 33. Rec1 Kh7 34.
Ra2 Nd7 35. Nxd7 Qxd7 36. Rac2 Qe7 37. Ra2 Rac4 38. Re2 Qc7 39. Rec2 g6 40. f4
Kh8 41. Qb2 Qd6 42. Qb3 R8c7 43. Rf1 Kg8 44. Rfc1 Rc8 45. Rd2 Kf8 46. Qb2 Ra4
47. Ra1 Kg8 48. Rc2 Qc7 49. Re1 Qe7 50. Ra1 Rac4 51. Qb3 Qc7 52. Rac1 Qd7 53.
Qa2 Kh8 54. Qb3 Qe7 55. Qb2 Kh7 56. Qb3 Qh4 57. Qb2 Kg8 {
Game drawn by mutual agreement} 1/2-1/2

[Event "ICS rated blitz match"]
[Site "204.178.125.65"]
[Date "2000.11.17"]
[Round "?"]
[White "DoctorWho"]
[Black "Hossa"]
[Result "1-0"]
[WhiteElo "2639"]
[BlackElo "2529"]
[PlyCount "56"]
[EventDate "2000.??.??"]

1. e4 c5 2. Nc3 Nc6 3. Nf3 e6 4. Bb5 Nd4 5. O-O Nxb5 6. Nxb5 a6 7. Nc3 d6 8. d4
b6 9. dxc5 bxc5 10. Qe2 Bd7 11. Rd1 Be7 12. Qd3 Bc6 13. e5 d5 14. b3 d4 15. Ne2
Bb5 16. c4 Bc6 17. b4 Ba4 18. Rd2 cxb4 19. Nfxd4 Qc7 20. a3 bxa3 21. Bxa3 Bd7
22. Qg3 Kf8 23. c5 a5 24. c6 Be8 25. Nf4 Qa7 26. Nfxe6+ fxe6 27. Qf3+ Bf7 28.
Nxe6+ Ke8 {Hossa resigns} 1-0

[Event "ICS rated blitz match"]
[Site "204.178.125.65"]
[Date "2000.11.17"]
[Round "?"]
[White "Hossa"]
[Black "DoctorWho"]
[Result "0-1"]
[WhiteElo "2518"]
[BlackElo "2650"]
[PlyCount "57"]
[EventDate "2000.??.??"]

1. d4 d5 2. Nf3 Nf6 3. Bg5 Ne4 4. Bh4 f6 5. c4 g5 6. Bg3 e6 7. cxd5 exd5 8. e3
Bb4+ 9. Nfd2 h5 10. Qa4+ Nc6 11. Bb5 Bxd2+ 12. Nxd2 Nxd2 13. Kxd2 h4 14. Bxh4
Rxh4 15. Bxc6+ bxc6 16. Qxc6+ Bd7 17. Qxd5 c6 18. Qg8+ Ke7 19. Qc4 Qb6 20. b3
Rah8 21. h3 Be6 22. Qc2 g4 23. Rhg1 gxh3 24. gxh3 Rxd4+ 25. Kc1 Rd5 26. Qe4
Rxh3 27. Rd1 Qa5 28. Kb2 Rh2 29. Qc2 {Hossa resigns} 0-1

[Event "ICS Rated standard match"]
[Site "204.178.125.65"]
[Date "2000.11.17"]
[Round "?"]
[White "DoctorWho"]
[Black "Hossa"]
[Result "1-0"]
[WhiteElo "2406"]
[BlackElo "2263"]
[PlyCount "135"]
[EventDate "2000.??.??"]

1. e4 c5 2. Nc3 Nc6 3. Nf3 d6 4. d4 cxd4 5. Nxd4 Nf6 6. Bg5 e5 7. Bxf6 gxf6 8.
Nxc6 bxc6 9. Bc4 Rg8 10. Qh5 Rg7 11. h3 Qb6 12. Bb3 Bd7 13. g4 O-O-O 14. Qh4
Be7 15. O-O-O Be6 16. Rd2 Rh8 17. Rhd1 Qb7 18. Rxd6 f5 19. Qg3 Bxd6 20. Rxd6 f4
21. Qh4 Rg6 22. Ba4 Bd7 23. Rxg6 fxg6 24. Qe7 Qc7 25. b3 Rd8 26. Qxh7 Qd6 27.
Qg7 Kb7 28. h4 f3 29. Kb2 Qe6 30. g5 Kb8 31. Qh6 Rg8 32. h5 Be8 33. hxg6 Qxg6
34. Qh1 Qf7 35. Qc1 Qf4 36. Qd1 Qf8 37. Qd8+ Kb7 38. a3 Qf7 39. Nb1 Bd7 40. Qa5
Rxg5 41. Nd2 Qf6 42. Qb4+ Kc8 43. Nc4 Rh5 44. Na5 Rh6 45. Qb7+ Kd8 46. Qxa7 Qe6
47. b4 Qf6 48. Nb7+ Ke7 49. Bb3 Rg6 50. Qb8 Be8 51. Qc8 Kf8 52. Nc5 Qd6 53. Bc4
Rf6 54. Ka2 Ke7 55. Qb7+ Bd7 56. Kb3 Rh6 57. Qa7 Qd4 58. Qb8 Rh1 59. Qg8 Rb1+
60. Ka4 Qd2 61. Qf7+ Kd8 62. Qf8+ Be8 63. Ne6+ Kc8 64. Qxe8+ Kb7 65. Nc5+ Ka7
66. Qf7+ Qd7 67. Qxd7+ Kb8 68. Qb7# {Hossa checkmated} 1-0

[Event "ICS rated blitz match"]
[Site "204.178.125.65"]
[Date "2000.11.17"]
[Round "?"]
[White "Hossa"]
[Black "madhatter"]
[Result "1-0"]
[WhiteElo "2495"]
[BlackElo "2172"]
[PlyCount "63"]
[EventDate "2000.??.??"]

1. d4 e6 2. Nf3 Nf6 3. Bg5 c5 4. c3 b6 5. e4 h6 6. Bxf6 gxf6 7. Nbd2 Bb7 8. Bd3
Be7 9. O-O Nc6 10. Qa4 Qc7 11. Ba6 h5 12. Rac1 h4 13. Bxb7 Qxb7 14. h3 Bd6 15.
Nc4 Bc7 16. Qb3 b5 17. dxc5 Rb8 18. Nd6+ Bxd6 19. cxd6 Kf8 20. Qc2 Kg7 21. Qd2
Rbg8 22. Qf4 Ne5 23. Nxe5 fxe5 24. Qxe5+ f6 25. Qf4 Kf7 26. Rc2 Rg6 27. Rd1 Qc8
28. b4 Qg8 29. f3 Rh5 30. Qe3 Rhg5 31. Qxa7 Rxg2+ 32. Kh1 {madhatter resigns}
1-0

[Event "ICS rated bullet match"]
[Site "204.178.125.65"]
[Date "2000.11.17"]
[Round "?"]
[White "Hossa"]
[Black "ChesterX"]
[Result "0-1"]
[WhiteElo "2569"]
[BlackElo "2446"]
[PlyCount "230"]
[EventDate "2000.??.??"]

1. Nf3 c5 2. c4 Nf6 3. Nc3 b6 4. d4 cxd4 5. Nxd4 Bb7 6. Bg5 Na6 7. e3 Nc7 8.
Nf5 Rc8 9. Qa4 a5 10. Bxf6 exf6 11. Qd1 Ne6 12. Qd2 Ba6 13. b3 Bc5 14. Be2 Qc7
15. O-O Qe5 16. Bg4 O-O 17. Nd5 Nc7 18. Nf4 Ne6 19. Nd3 Qe4 20. f3 Qb7 21. Nxc5
Rxc5 22. Rfd1 Rd8 23. Nd6 Qc7 24. a4 h5 25. Bf5 Bb7 26. Qd3 Kf8 27. f4 Bc6 28.
Ra2 g6 29. Bh3 f5 30. Qc3 Kg8 31. Qf6 Rf8 32. Rad2 Qd8 33. Qa1 h4 34. Qc3 Qc7
35. Qf6 Qd8 36. Qb2 Nc7 37. Qd4 Ne8 38. Re2 Nxd6 39. Qxd6 Re8 40. Ree1 Re6 41.
Qd4 d5 42. Rc1 Re4 43. Qd3 Qe7 44. cxd5 Rxd5 45. Qc3 Rd6 46. Rc2 Ree6 47. Rf2
Be4 48. Qb2 Bd3 49. Qc1 Rd8 50. Qc3 Rxe3 51. Rd1 Kh7 52. Qd2 Rc8 53. Rf3 Rxf3
54. gxf3 Be2 55. Re1 Qc5+ 56. Kg2 Ba6 57. Qd7 Qc2+ 58. Kg1 Qxb3 59. Bf1 Ra8 60.
Qc6 Ra7 61. Bxa6 Rxa6 62. Qb7 Qc4 63. Kg2 Kg8 64. Kh3 Kg7 65. Re5 Qf1+ 66. Kxh4
Qg2 67. Rxf5 Qxh2+ 68. Kg4 Qg1+ 69. Kh4 Qe1+ 70. Kh3 Qf1+ 71. Kg4 gxf5+ 72.
Kxf5 Qc4 73. Kg5 Kf8 74. f5 Qc1+ 75. Kg4 Qg1+ 76. Kf4 Qd4+ 77. Kg3 Qc4 78. f6
Kg8 79. f4 Kh7 80. f5 Kh6 81. Kh3 Kg5 82. Kg3 Kxf6 83. Kh3 Kxf5 84. Kg3 Ke6 85.
Kh3 f5 86. Kg3 f4+ 87. Kf2 Qd4+ 88. Ke1 Qe3+ 89. Kf1 Qd3+ 90. Kf2 Qd2+ 91. Kf1
Qc1+ 92. Kg2 Qd2+ 93. Kf1 Qd1+ 94. Kf2 Qc2+ 95. Kf3 Qb3+ 96. Kf2 Qc4 97. Kf3
Qf1+ 98. Kg4 Kd6 99. Qb8+ Kd5 100. Qe8 Ra7 101. Qd8+ Kc4 102. Qf6 Rg7+ 103. Kf5
Qh3+ 104. Kxf4 Qg3+ 105. Kf5 Qg4+ 106. Ke5 Rg5+ 107. Kd6 Rg6 108. Ke7 Rxf6 109.
Kxf6 Kd5 110. Kf7 Qxa4 111. Kg6 Qg4+ 112. Kf6 a4 113. Ke7 Qg7+ 114. Ke8 Kc6
115. Kd8 Qf8# {Hossa checkmated} 0-1

[Event "ICS rated bullet match"]
[Site "204.178.125.65"]
[Date "2000.11.17"]
[Round "?"]
[White "CPUGrandMaster"]
[Black "Hossa"]
[Result "1-0"]
[WhiteElo "2881"]
[BlackElo "2548"]
[PlyCount "65"]
[EventDate "2000.??.??"]

1. d4 Nf6 2. c4 e6 3. Nc3 Bb4 4. e3 Bxc3+ 5. bxc3 c5 6. Bd3 d6 7. Nf3 O-O 8.
Qc2 Re8 9. O-O e5 10. dxe5 dxe5 11. Ng5 h6 12. Ne4 Nxe4 13. Bxe4 Qe7 14. Rb1
Rd8 15. Rd1 Rxd1+ 16. Qxd1 Nc6 17. Qa4 Nd8 18. Ba3 Ne6 19. Bd5 Ng5 20. Qb5 Ne6
21. f3 a6 22. Qb2 Qg5 23. Qd2 Qe7 24. Rb6 Qc7 25. Qb2 Nf8 26. Qb1 Rb8 27. Kh1
Nd7 28. Rxh6 gxh6 29. Qg6+ Kh8 30. Bxf7 Nf6 31. Qxf6+ Kh7 32. Qg6+ Kh8 33.
Qxh6# {Hossa checkmated} 1-0

[Event "ICS rated blitz match"]
[Site "204.178.125.65"]
[Date "2000.11.17"]
[Round "?"]
[White "kondor"]
[Black "Hossa"]
[Result "0-1"]
[WhiteElo "1976"]
[BlackElo "2499"]
[PlyCount "94"]
[EventDate "2000.??.??"]

1. Nf3 d5 2. d4 Nf6 3. e3 e6 4. Bd3 Bd6 5. c3 c5 6. Nbd2 c4 7. Bc2 Nc6 8. O-O
O-O 9. e4 dxe4 10. Nxe4 Nxe4 11. Bxe4 Qc7 12. Re1 Ne7 13. Qe2 f6 14. g3 e5 15.
dxe5 fxe5 16. Nd2 Be6 17. Qh5 Nf5 18. Qe2 Nh6 19. Bg2 Nf7 20. Ne4 Be7 21. h4
Rad8 22. Bg5 Rd3 23. Bxe7 Qxe7 24. Ng5 Nxg5 25. hxg5 Qf7 26. Rf1 Bd5 27. Qxe5
Bxg2 28. Kxg2 Rd2 29. Qe3 Rxb2 30. a4 a6 31. Rae1 Ra2 32. Qc5 Rxa4 33. Re7 Qf3+
34. Kg1 Qxc3 35. Qd5+ Kh8 36. Qf7 Qf6 37. g6 Rxf7 38. Rxf7 Qd8 39. Re1 Rb4 40.
Ree7 Qd1+ 41. Kh2 Qh5+ 42. Kg2 hxg6 43. Rf8+ Kh7 44. Ree8 Qd5+ 45. Kh3 Qh1+ 46.
Kg4 c3+ 47. Kg5 Qh5# {kondor checkmated} 0-1

[Event "ICS rated bullet match"]
[Site "204.178.125.65"]
[Date "2000.11.17"]
[Round "?"]
[White "Hossa"]
[Black "KOFF"]
[Result "1-0"]
[WhiteElo "2544"]
[BlackElo "1944"]
[PlyCount "75"]
[EventDate "2000.??.??"]

1. e4 e5 2. Nf3 Nc6 3. Bb5 Nf6 4. O-O Nxe4 5. d4 Nd6 6. Bxc6 dxc6 7. dxe5 Nf5
8. Qxd8+ Kxd8 9. Nc3 h6 10. Bf4 Bd7 11. Rfd1 Kc8 12. Rd3 Bb4 13. Rad1 Be6 14.
a3 Bxc3 15. Rxc3 Rd8 16. Rxd8+ Kxd8 17. g4 Ne7 18. Rd3+ Ke8 19. h3 Ng6 20. Bg3
Bd5 21. Nd2 Rd8 22. f4 f5 23. gxf5 Ne7 24. Bh4 Rc8 25. f6 gxf6 26. Bxf6 Nf5 27.
c4 Be6 28. Kf2 Kf7 29. Rd8 Rxd8 30. Bxd8 Nd4 31. h4 Nf5 32. b3 h5 33. Nf3 Kg6
34. Bxc7 Nh6 35. Bb8 a6 36. Bc7 Ng4+ 37. Ke2 Kf5 38. Nd4+ {KOFF resigns} 1-0

[Event "ICS rated blitz match"]
[Site "204.178.125.65"]
[Date "2000.11.17"]
[Round "?"]
[White "Hossa"]
[Black "QueenMaxima"]
[Result "1-0"]
[WhiteElo "2501"]
[BlackElo "2547"]
[PlyCount "123"]
[EventDate "2000.??.??"]

1. d4 f5 2. c4 d6 3. e4 fxe4 4. Nc3 Nf6 5. Bg5 Bf5 6. Nge2 Nbd7 7. Ng3 Bg6 8.
Be2 c6 9. O-O Qb6 10. Qd2 O-O-O 11. Be3 Kb8 12. Qc2 e5 13. dxe5 Qb4 14. a3 Qa5
15. exf6 Nxf6 16. Ncxe4 d5 17. cxd5 Bd6 18. Bg5 Nxe4 19. Bxd8 Qxd5 20. Rad1
Nxg3 21. Rxd5 Bxc2 22. Rxd6 Nxe2+ 23. Kh1 Re8 24. Ba5 b6 25. Bc3 Nxc3 26. bxc3
Kc7 27. Rd2 Bb3 28. h3 c5 29. Rb1 c4 30. Kh2 Kc6 31. Kg3 a6 32. Kf4 Rf8+ 33.
Ke5 Re8+ 34. Kf5 a5 35. g3 b5 36. Kf4 Rf8+ 37. Ke3 Re8+ 38. Kf3 Re6 39. Kg2 Re5
40. g4 Re6 41. Kg3 Re5 42. Rd8 Re2 43. Rc8+ Kb6 44. Rf8 Rc2 45. Rf3 Ra2 46. Re1
Kc6 47. Re6+ Kd7 48. Ra6 Ke7 49. Rxa5 Bc2 50. Rxb5 Rxa3 51. Rd5 Ke6 52. Rd4 Bd3
53. Re3+ Kf6 54. Rf4+ Kg5 55. h4+ Kh6 56. Re6+ Bg6 57. Rf5 Ra5 58. g5+ Kh5 59.
Rxa5 Bc2 60. g6+ Kh6 61. Kg4 Ba4 62. Rh5# {QueenMaxima checkmated} 1-0

[Event "ICS rated blitz match"]
[Site "204.178.125.65"]
[Date "2000.11.17"]
[Round "?"]
[White "cfd"]
[Black "Hossa"]
[Result "0-1"]
[WhiteElo "2126"]
[BlackElo "2533"]
[PlyCount "56"]
[EventDate "2000.??.??"]

1. d4 Nf6 2. e3 g6 3. c4 Bg7 4. Nc3 O-O 5. b4 d5 6. c5 b6 7. Bb2 a5 8. a3 axb4
9. axb4 Rxa1 10. Bxa1 Bf5 11. Nf3 c6 12. Be2 Qc7 13. h3 b5 14. O-O Na6 15. Qb3
Ra8 16. Bb2 Qc8 17. Kh2 Nc7 18. Ra1 Rxa1 19. Bxa1 Qa8 20. Qa2 Na6 21. Qa5 Ne4
22. Nxe4 Bxe4 23. Nd2 Bc2 24. Bc3 Qc8 25. Qb6 Bf6 26. Bg4 e6 27. Nf1 Qa8 28.
Ng3 Bd8 {cfd resigns} 0-1

[Event "ICS rated standard match"]
[Site "204.178.125.65"]
[Date "2000.11.17"]
[Round "?"]
[White "Hossa"]
[Black "Dorky"]
[Result "1-0"]
[WhiteElo "2253"]
[BlackElo "2213"]
[PlyCount "127"]
[EventDate "2000.??.??"]

1. d4 Nf6 2. Nf3 d5 3. c4 c6 4. Qb3 dxc4 5. Qxc4 Bf5 6. e3 b5 7. Qb3 Qd5 8.
Qxd5 Nxd5 9. Nc3 Nxc3 10. bxc3 e6 11. Nd2 b4 12. Bb2 Nd7 13. Ba6 Rb8 14. e4 Bg6
15. Bd3 Nb6 16. Rb1 Nd5 17. c4 Nb6 18. c5 Nd5 19. Ba6 Nc7 20. Be2 f5 21. e5 f4
22. Ra1 Be7 23. Nc4 O-O 24. Na5 Be8 25. O-O Bg5 26. Bf3 Nd5 27. Nc4 Bd7 28. Nd6
h6 29. Rfc1 a5 30. Rc4 b3 31. Ra4 bxa2 32. R4xa2 Rb3 33. Nc4 Rfb8 34. Bc1 R3b4
35. Nxa5 Rxd4 36. Rc2 Be7 37. g3 Rd3 38. Bh5 f3 39. Bb2 Kh7 40. Bg4 Kg6 41. Bh3
Nb4 42. Rc4 Rd5 43. Bf1 Nd3 44. Bc3 Nxe5 45. Bxe5 Rxe5 46. Bd3+ Kf7 47. Rf4+
Kg8 48. Rxf3 Bxc5 49. Nc4 Rd5 50. Be4 Bd4 51. Re1 Rc5 52. Nd6 Rc3 53. Rf7 Be8
54. Rc7 Bh5 55. Kg2 Rd8 56. Nc8 c5 57. Ne7+ Kh8 58. Ng6+ Bxg6 59. Bxg6 e5 60.
Rb1 Ra3 61. Rbb7 Ra2 62. Rxg7 Rxf2+ 63. Kh3 e4 64. Rh7+ {Dorky resigns} 1-0

[Event "ICS rated bullet match"]
[Site "204.178.125.65"]
[Date "2000.11.17"]
[Round "?"]
[White "Hossa"]
[Black "explosiv-gent"]
[Result "1-0"]
[WhiteElo "2555"]
[BlackElo "1915"]
[PlyCount "57"]
[EventDate "2000.??.??"]

1. d4 e6 2. Nf3 d5 3. Bg5 Nf6 4. e3 Be7 5. Bd3 O-O 6. Nbd2 c5 7. c3 c4 8. Bc2
b5 9. Ne5 Nbd7 10. Nc6 Qe8 11. a4 Bb7 12. axb5 Bxc6 13. bxc6 Nb6 14. Qb1 h6 15.
Bxf6 Bxf6 16. c7 Qc6 17. e4 dxe4 18. Bxe4 Qxc7 19. Bxa8 Rxa8 20. O-O e5 21. Qe4
exd4 22. cxd4 Qd6 23. Nxc4 Nxc4 24. Qxa8+ Kh7 25. Qe4+ g6 26. Rxa7 Kg7 27. Qe8
Qd5 28. Ra8 Bxd4 29. Qh8# {explosiv-gent checkmated} 1-0

[Event "ICS rated blitz match"]
[Site "204.178.125.65"]
[Date "2000.11.17"]
[Round "?"]
[White "Hossa"]
[Black "LeTiger"]
[Result "0-1"]
[WhiteElo "2536"]
[BlackElo "2897"]
[PlyCount "136"]
[EventDate "2000.??.??"]

1. d4 c6 2. Nf3 d5 3. c4 Nf6 4. e3 g6 5. cxd5 cxd5 6. Nc3 Bg7 7. Bb5+ Nc6 8.
Ne5 Qc7 9. Qa4 Bd7 10. Nxd7 Qxd7 11. f3 O-O 12. O-O Rfc8 13. e4 dxe4 14. Bxc6
Rxc6 15. fxe4 b5 16. Qxb5 Qxd4+ 17. Kh1 Re6 18. Rd1 Qb6 19. Qxb6 axb6 20. Re1
Ng4 21. Nd1 Ra4 22. Bd2 Rd4 23. Bc3 Rdxe4 24. Rxe4 Rxe4 25. h3 Nf6 26. a4 Re2
27. a5 bxa5 28. Rxa5 h5 29. Ra8+ Kh7 30. Ra7 Nd5 31. Bxg7 Kxg7 32. Nc3 Nxc3 33.
bxc3 e5 34. Kh2 Kf6 35. c4 Rc2 36. Rc7 h4 37. c5 e4 38. Rc8 Kg5 39. c6 f5 40.
Kg1 Kf4 41. Kh2 e3 42. Rh8 Kg5 43. Re8 f4 44. Re5+ Kf6 45. Re4 g5 46. Re8 Rxc6
47. Rf8+ Ke7 48. Rb8 f3 49. Rb7+ Kd6 50. gxf3 Rc2+ 51. Kg1 Rc1+ 52. Kg2 e2 53.
Rb6+ Kd5 54. Rb5+ Kd4 55. Rb4+ Kd3 56. Re4 e1=Q 57. Rxe1 Rxe1 58. f4 gxf4 59.
Kf3 Rf1+ 60. Kg4 Ke4 61. Kg5 f3 62. Kg6 Rg1+ 63. Kf7 f2 64. Ke7 Kd5 65. Kd7
Rg7+ 66. Kd8 f1=Q 67. Ke8 Qf7+ 68. Kd8 Qd7# {Hossa checkmated} 0-1

[Event "ICS rated bullet match"]
[Site "204.178.125.65"]
[Date "2000.11.17"]
[Round "?"]
[White "JUDAPRIEST"]
[Black "Hossa"]
[Result "0-1"]
[WhiteElo "2027"]
[BlackElo "2556"]
[PlyCount "70"]
[EventDate "2000.??.??"]

1. d4 c6 2. e4 Qc7 3. Nc3 d6 4. f3 e5 5. Be3 Qb6 6. Qd2 Qxb2 7. Rb1 Qa3 8. Rb3
Qa5 9. Bc4 exd4 10. Bxd4 Na6 11. Nge2 b5 12. Bd3 Be6 13. Rb1 Nb4 14. O-O Nxd3
15. cxd3 b4 16. Nd1 c5 17. Be3 Qxa2 18. Rb2 Qa4 19. e5 dxe5 20. Ng3 Nf6 21. f4
exf4 22. Bxf4 Be7 23. Be5 O-O 24. Nf5 Bxf5 25. Rxf5 Qd7 26. Qg5 Ne8 27. Qg4
Qxd3 28. Nf2 Qe3 29. h3 Bf6 30. Bf4 Qe1+ 31. Kh2 Bxb2 32. Bh6 Bd4 33. Ne4 Bg1+
34. Kh1 Bf2+ 35. Kh2 Qg1# {JUDAPRIEST checkmated} 0-1